000 00491nam a2200205Ia 4500
005 20240413134426.0
008 131103s9999 xx 000 0 und d
020 _cRs.3
040 _aLoreto College
041 _aEnglish
082 _a370.1
_bPLA
100 _aPearce, F.G.
245 _aPlan For Education
_cF.G.Pearce
260 _aLondon
_bOxford university press
_c1948
300 _a80p.
504 _aIncludes index
650 _aEducation
850 _aLCBED
942 _cBK
999 _c34262
_d84741